Two-dimensional phase unwrapping: (Record no. 4876)

MARC details
000 -LEADER
fixed length control field 00721cam a2200253 a 4500
003 - CONTROL NUMBER IDENTIFIER
control field OSt
005 - DATE AND TIME OF LATEST TRANSACTION
control field 20220107122807.0
008 - FIXED-LENGTH DATA ELEMENTS--GENERAL INFORMATION
fixed length control field 970829s1998 nyua b 001 0 eng
020 ## - INTERNATIONAL STANDARD BOOK NUMBER
International Standard Book Number 9780471249351
040 ## - CATALOGING SOURCE
Transcribing agency IIITMK
082 00 - DEWEY DECIMAL CLASSIFICATION NUMBER
Classification number 621.367 GHI/T
Edition number
100 1# - MAIN ENTRY--PERSONAL NAME
Personal name Ghiglia, Dennis C.
9 (RLIN) 8013
245 10 - TITLE STATEMENT
Title Two-dimensional phase unwrapping:
Remainder of title Theory, algorithms, and software
Statement of responsibility, etc. Dennis C. Ghiglia, Mark D. Pritt.
260 ## - PUBLICATION, DISTRIBUTION, ETC.
Place of publication, distribution, etc. New York,
Name of publisher, distributor, etc. Wiley,
Date of publication, distribution, etc. 1998.
300 ## - PHYSICAL DESCRIPTION
Extent xiv, 493 p.
500 ## - GENERAL NOTE
General note
504 ## - BIBLIOGRAPHY, ETC. NOTE
Bibliography, etc. note
650 #0 - SUBJECT ADDED ENTRY--TOPICAL TERM
Topical term or geographic name entry element MATHEMATICS
9 (RLIN) 8014
650 #0 - SUBJECT ADDED ENTRY--TOPICAL TERM
Topical term or geographic name entry element SYNTHETIC APERTURE RADAR
9 (RLIN) 8015
650 #0 - SUBJECT ADDED ENTRY--TOPICAL TERM
Topical term or geographic name entry element SIGNAL PROCESSING
9 (RLIN) 8016
650 #0 - SUBJECT ADDED ENTRY--TOPICAL TERM
Topical term or geographic name entry element INTERFEROMETRY
9 (RLIN) 8017
700 1# - ADDED ENTRY--PERSONAL NAME
Personal name Pritt, Mark D.
9 (RLIN) 8018
942 ## - ADDED ENTRY ELEMENTS (KOHA)
Source of classification or shelving scheme Dewey Decimal Classification
Koha item type Books
Holdings
Withdrawn status Lost status Source of classification or shelving scheme Damaged status Not for loan Collection code Home library Current library Shelving location Date acquired Cost, normal purchase price Total Checkouts Total Renewals Full call number Barcode Date last seen Date last checked out Price effective from Koha item type
    Dewey Decimal Classification     Digital Image Processing Kerala University of Digital Sciences, Innovation and Technology Knowledge Centre Kerala University of Digital Sciences, Innovation and Technology Knowledge Centre Applied Electronics 07/10/2015 10493.00 7 6 621.367 GHI/T 4305 27/05/2025 10/04/2025 07/10/2015 Books